OFT to study estate agency market (Record no. 70464)

MARC details
000 -LEADER
fixed length control field 00974cam a2200217 4500
001 - CONTROL NUMBER
control field WB3821-13
008 - FIXED-LENGTH DATA ELEMENTS--GENERAL INFORMATION
fixed length control field 020612n2002 000 0 eng u
035 ## - SYSTEM CONTROL NUMBER
System control number (Sirsi) u118383
245 ## - TITLE STATEMENT
Title OFT to study estate agency market
260 ## - PUBLICATION, DISTRIBUTION, ETC.
Date of publication, distribution, etc. 2002
490 ## - SERIES STATEMENT
Series statement OFT Press Release
Volume/sequential designation (PN 36/02) 11 June 2002, (1)
520 ## - SUMMARY, ETC.
Summary, etc. Office of Fair Trading (OFT) is to undertake a year long study of the estate agency market in England and Wales, a market valued at £4 billion a year. The inquiry will cover all aspects of buying and selling residential property and aims to see whether the market is working well for consumers. http://www.oft.gov.uk/News/Press+releases/2002/PN+36-02+OFT+launches+study+into+estate+agency+market.htm
590 ## - LOCAL NOTE (RLIN)
Local note WB
650 ## - SUBJECT ADDED ENTRY--TOPICAL TERM
Topical term or geographic name entry element OFT
650 ## - SUBJECT ADDED ENTRY--TOPICAL TERM
Topical term or geographic name entry element OFT
650 ## - SUBJECT ADDED ENTRY--TOPICAL TERM
Topical term or geographic name entry element ESTATE AGENTS
650 ## - SUBJECT ADDED ENTRY--TOPICAL TERM
Topical term or geographic name entry element OMBUDSMAN FOR ESTATE AGENTS
650 ## - SUBJECT ADDED ENTRY--TOPICAL TERM
Topical term or geographic name entry element RESIDENTIAL SALES
690 ## - LOCAL SUBJECT ADDED ENTRY--TOPICAL TERM (OCLC, RLIN)
Topical term or geographic name as entry element PROPERTY-RESIDENTIAL PROPERTY-RESIDENTIAL PROPERTY MARKET
942 ## - ADDED ENTRY ELEMENTS (KOHA)
Suppress in OPAC 0
Holdings
Withdrawn status Lost status Source of classification or shelving scheme Damaged status Not for loan Home library Current library Shelving location Date acquired Total Checkouts Full call number Barcode Date last seen Copy number Price effective from Koha item type
    Dewey Decimal Classification     London London News article 12/06/2002   WB3821-13 118383-1001 06/08/2019 1 06/08/2019 News article